Statistics for Paralympics Host Cities

Click here to take the quiz!

General Stats

  • This quiz has been taken 125 times
    (78 since last reset)
  • The average score is 16 of 28

Answer Stats

YearHost City% Correct
2012London
96%
2016Rio de Janeiro
93%
2004Athens
91%
2008, 2022Beijing
91%
1964, 2020Tokyo
91%
2000Sydney
86%
1992Barcelona
84%
1996Atlanta
81%
1960Rome
75%
2010Vancouver
74%
1988Seoul
72%
2014Sochi
70%
2006Turin
67%
2002Salt Lake City
62%
1984New York
52%
1976Toronto
52%
1994Lillehammer
45%
1998Nagano
43%
2018Pyeongchang
43%
1986Innsbruck
36%
1982Innsbruck
36%
1990Albertville
32%
1968Tel Aviv
32%
1980Arnhem
16%
1984Stoke Mandeville
14%
1978Geilo
10%
1974Örnsköldsvik
4%
1972Heindelberg
0%

Score Distribution

Percentile by Number Answered

Percent of People with Each Score

Your Score History

You have not taken this quiz since the last reset